• 首页
  • 本馆介绍
  • 公告通知
  • 最新文献
  • 馆藏检索
  • 电子资源
  • 读者导购
  • 参考咨询
  • 我的图书馆
  • 登录
  • 详细信息显示
  • 放入我的书架
  • 预约/预借图书
  • 作者相关作品
  • 分类相关作品
  • 丛书相关作品
  • 出版社相关作品

书目信息

  • 表格格式
  • 工作单格式
  • 卡片格式
题名:
土壤肥料学实验教程
    
 
作者: 卢树昌 主编
分册:  
出版信息: 北京   中国农业出版社  2019.08
页数: 192页
开本: 23cm
丛书名:
单 册:
中图分类: S158-33
科图分类:
主题词: 土壤肥力--tu rang fei li--实验--高等学校--教材
电子资源:
ISBN: 978-7-109-25775-7
000 01310nam0 2200241 450
001 0106081856
005 20201106082046.0
010    @a978-7-109-25775-7@dCNY29.80
100    @a20200408d2019 em y0chiy50 ea
101 0  @achi
102    @aCN@b110000
105    @aa z 000yy
106    @ar
200 1  @a土壤肥料学实验教程@Atu rang fei liao xue shi yan jiao cheng@f卢树昌主编
210    @a北京@c中国农业出版社@d2019.08
215    @a192页@c图@d23cm
300    @a京津冀都市型现代农业特色规划教材
330    @a本书第一篇的土壤分析包括野外土壤形成因素观察与采样、土壤分析样品的制备、土壤质地分析与应用、土壤容重测定与应用、土壤水分含量测定与应用、土壤有机质含量测定与应用、土壤氮含量测定与应用、土壤磷含量测定与应用、土壤钾含量测定与应用、土壤阳离子交换量测定与应用、土壤酸碱性测定与应用、土壤水溶性盐总量测定与应用共12章;第二篇的植物营养分析包括植物和肥料样品的采集与制备及水分含量测定、植物全氮全磷全钾及粗蛋白含量测定与应用、植物粗纤维含量测定与应用、植物粗脂肪含量测定与应用共4章;第三篇的肥料分析包括氮肥含氮量测定与应用、磷肥含磷量测定与应用、钾肥含钾量测定与应用、有机肥中养分及污染物测定与应用共4章。
606 0  @a土壤肥力@Atu rang fei li@x实验@x高等学校@j教材
690    @aS158-33@v5
701  0 @a卢树昌@Alu shu chang@4主编
801  0 @aCN@bBJSZM@c20201106
905    @b1193636-9@dS158-33@e126@f4
    
    土壤肥料学实验教程/卢树昌主编.-北京:中国农业出版社,2019.08
    192页:图;23cm
    京津冀都市型现代农业特色规划教材
    
    ISBN 978-7-109-25775-7:CNY29.80
    本书第一篇的土壤分析包括野外土壤形成因素观察与采样、土壤分析样品的制备、土壤质地分析与应用、土壤容重测定与应用、土壤水分含量测定与应用、土壤有机质含量测定与应用、土壤氮含量测定与应用、土壤磷含量测定与应用、土壤钾含量测定与应用、土壤阳离子交换量测定与应用、土壤酸碱性测定与应用、土壤水溶性盐总量测定与应用共12章;第二篇的植物营养分析包括植物和肥料样品的采集与制备及水分含量测定、植物全氮全磷全钾及粗蛋白含量测定与应用、植物粗纤维含量测定与应用、植物粗脂肪含量测定与应用共4章;第三篇的肥料分析包括氮肥含氮量测定与应用、磷肥含磷量测定与应用、钾肥含钾量测定与应用、有机肥中养分及污染物测定与应用共4章。
●
相关链接 在E读中查询图书 在五车中查询图书 在当当中查询图书 在豆瓣中查询图书


正题名:土壤肥料学实验教程     索取号:S158-33/126         预约/预借

序号 登录号 条形码 馆藏地/架位号 状态 备注
1 1193636   211936360   第二样本阅览室/ [索取号:S158-33/126] 在馆    
2 1193637   211936379   第三借阅区/ [索取号:S158-33/126] 在馆    
3 1193638   211936388   第三借阅区/ [索取号:S158-33/126] 在馆    
4 1193639   211936397   第三借阅区/ [索取号:S158-33/126] 在馆    
唐山师范学院图书馆 欢迎您!
大连网信软件有限公司© 版权所有